| 000 | 00832nam a22002417a 4500 | ||
|---|---|---|---|
| 005 | 20241011110437.0 | ||
| 010 | _aENG-142082 | ||
| 020 |
_a9789390435210 _c295.00 |
||
| 035 | _aEN-125614 | ||
| 037 | _bDBAD | ||
| 082 |
_a615.32 _21 |
||
| 100 |
_aYuvaraj, K M _972639 |
||
| 245 |
_aSpices at a Glance: _cBy K M Yuvara...[et.al] _bPlantation Medicinal and Aromatic Crops/ |
||
| 250 | _a1 | ||
| 260 |
_aNew Delhi _bAstral International Pvt. Ltd _c2022 |
||
| 270 |
_a4736/23 Ansari Road Daryaganj _bNew Delhi _e110002 _minfo@astralint.com _k011-43549197, |
||
| 300 |
_a192p. _c23cm(pb) |
||
| 700 |
_aSivaram, G Thanuja _eAuthor _972640 |
||
| 700 |
_aRaghuveer, S _eAuthor _972641 |
||
| 700 |
_aReddy, G Chandramohan _eAuthor _972642 |
||
| 700 |
_aVali, D Mastan _eAuthor _972643 |
||
| 942 |
_2ddc _cEN _h615.32 _mYUV |
||
| 999 |
_c206294 _d206294 |
||